[Event "Pfalz op-B 11th"]
[Site "Neustadt an der Weinstrasse"]
[Date "2020.02.24"]
[Round "7"]
[White "Becker, Ralph"]
[Black "Czappa, Fabian Alexander"]
[Result "1/2-1/2"]
[WhiteElo "1697"]
[BlackElo "1805"]
[PlyCount "42"]
[EventDate "2020.02.21"]
[EventType "swiss"]
[EventRounds "7"]
[EventCountry "GER"]
[SourceTitle "CBM 195 Extra"]
[Source "ChessBase"]
[SourceDate "2020.05.31"]
[SourceVersion "1"]
[SourceVersionDate "2020.05.31"]
[SourceQuality "1"]

1. g3 d5 2. Bg2 Nf6 3. d3 g6 4. Nd2 Bg7 5. c4 c6 6. Ngf3 0-0 7. 0-0 Bf5 8. cxd5 cxd5 9. Nd4 Bg4 10. h3 Bc8 11. N2f3 b6 12. Be3 Bb7 13. Qd2 Nbd7 14. Rac1 Rc8 15. Rxc8 Qxc8 16. Rc1 Qb8 17. Nc6 Bxc6 18. Rxc6 e5 19. b4 e4 20. dxe4 dxe4 21. Bf4 Qa8 1/2-1/2

[Event "Heusenstamm Sparkassen op-B 6th"]
[Site "Heusenstamm"]
[Date "2019.11.24"]
[Round "6"]
[White "Becker, Ralph"]
[Black "Leichum, Engelbert"]
[Result "1/2-1/2"]
[WhiteElo "1706"]
[BlackElo "1587"]
[PlyCount "68"]
[EventDate "2019.11.21"]
[EventType "swiss"]
[EventRounds "7"]
[EventCountry "GER"]
[SourceTitle "CBM 194 Extra"]
[Source "ChessBase"]
[SourceDate "2020.03.31"]
[SourceVersion "1"]
[SourceVersionDate "2020.03.31"]
[SourceQuality "1"]

1. g3 c6 2. Bg2 d6 3. d3 e5 4. c4 Bg4 5. Nc3 Nd7 6. Nf3 Be7 7. Be3 Ngf6 8. 0-0 Qc7 9. Rc1 a5 10. a3 Nc5 11. b4 axb4 12. axb4 Ne6 13. Qb3 0-0 14. b5 Nd7 15. Ra1 f5 16. Rfb1 Bxf3 17. Bxf3 Nd4 18. Bxd4 exd4 19. Na4 c5 20. Ra2 Ne5 21. Bd5+ Kh8 22. Rba1 Rab8 23. b6 Qd8 24. Nb2 f4 25. Ra7 fxg3 26. hxg3 Bh4 27. Rxb7 Qg5 28. Rxb8 Rxb8 29. Ra8 Rxa8 30. Bxa8 Bxg3 31. fxg3 Qxg3+ 32. Bg2 Ng4 33. Nd1 Qe1+ 34. Bf1 Qg3+ 1/2-1/2

[Event "Heusenstamm Sparkassen op-B 6th"]
[Site "Heusenstamm"]
[Date "2019.11.22"]
[Round "3"]
[White "Sarbu, Marc Constantin"]
[Black "Becker, Ralph"]
[Result "0-1"]
[WhiteElo "1421"]
[BlackElo "1706"]
[PlyCount "84"]
[EventDate "2019.11.21"]
[EventType "swiss"]
[EventRounds "7"]
[EventCountry "GER"]
[SourceTitle "CBM 194 Extra"]
[Source "ChessBase"]
[SourceDate "2020.03.31"]
[SourceVersion "1"]
[SourceVersionDate "2020.03.31"]
[SourceQuality "1"]

1. e4 g6 2. d4 Bg7 3. Nf3 d6 4. Bf4 Nd7 5. Nc3 c5 6. dxc5 Nxc5 7. Bb5+ Bd7 8. Bxd7+ Qxd7 9. Qd2 Nf6 10. e5 dxe5 11. Nxe5 Qxd2+ 12. Bxd2 0-0 13. Be3 Rac8 14. Bxc5 Rxc5 15. f4 Rfc8 16. 0-0 b5 17. b4 Rxc3 18. a4 bxa4 19. Rxa4 Rxc2 20. Rxa7 R2c7 21. Rxc7 Rxc7 22. b5 Nd5 23. Nc4 Rxc4 24. Rb1 Rxf4 25. b6 Bd4+ 26. Kh1 Bxb6 27. g3 Rb4 28. Rd1 Ne3 29. Re1 Rd4 30. Kg1 Rd1 31. Rxd1 Nxd1+ 32. Kf1 f5 33. Ke2 Nf2 34. Kf3 g5 35. Ke2 e5 36. Kf3 e4+ 37. Ke2 f4 38. gxf4 gxf4 39. Ke1 f3 40. h4 e3 41. h5 Nd3+ 42. Kf1 e2# 0-1

[Event "Heusenstamm Sparkassen op-B 5th"]
[Site "Heusenstamm"]
[Date "2018.11.25"]
[Round "7"]
[White "Becker, Ralph"]
[Black "Wirtjes, Edzard"]
[Result "1/2-1/2"]
[WhiteElo "1745"]
[BlackElo "1705"]
[PlyCount "71"]
[EventDate "2018.11.22"]
[EventType "swiss"]
[EventRounds "7"]
[EventCountry "GER"]
[SourceTitle "CBM 187 Extra"]
[Source "ChessBase"]
[SourceDate "2018.11.04"]
[SourceVersion "1"]
[SourceVersionDate "2018.11.04"]
[SourceQuality "1"]

1. Nf3 c5 2. g3 Nc6 3. Bg2 g6 4. c4 Bg7 5. Nc3 Nf6 6. d3 0-0 7. 0-0 d6 8. a3 a6 9. Rb1 Rb8 10. b4 cxb4 11. axb4 Bd7 12. b5 axb5 13. Nxb5 Na5 14. Bd2 Bc6 15. Nbd4 Rc8 16. Nxc6 bxc6 17. Qa4 Ra8 18. Bxa5 Rxa5 19. Qxc6 Rc5 20. Qb6 Qc8 21. Rb5 Nd7 22. Qb7 Rc7 23. Qxc8 Rfxc8 24. Rfb1 Nc5 25. Rb8 h6 26. Kf1 Kf8 27. Nd2 f5 28. Ke1 Kf7 29. Bf1 Rxb8 30. Rxb8 Ra7 31. Rb1 Bc3 32. Kd1 Ra2 33. Nf3 g5 34. Ne1 Na4 35. Nc2 Ba5 36. Rb3 1/2-1/2

[Event "Pfalz op-B 9th"]
[Site "Neustadt an der Weinstrasse"]
[Date "2018.02.10"]
[Round "3"]
[White "Lohvinov, Petro"]
[Black "Becker, Ralph"]
[Result "1/2-1/2"]
[WhiteElo "1839"]
[BlackElo "1728"]
[PlyCount "67"]
[EventDate "2018.02.09"]
[EventType "swiss"]
[EventRounds "7"]
[EventCountry "GER"]
[SourceTitle "CBM 182 Extra"]
[Source "ChessBase"]
[SourceDate "2018.02.23"]
[SourceVersion "1"]
[SourceVersionDate "2018.02.23"]
[SourceQuality "1"]

1. e4 c5 2. Nf3 d6 3. d4 cxd4 4. Nxd4 Nf6 5. Nc3 g6 6. Be3 Bg7 7. f3 0-0 8. Qd2 Nc6 9. 0-0-0 Nxd4 10. Bxd4 Be6 11. g4 Qa5 12. Kb1 Rfc8 13. b3 Ne8 14. Bxg7 Nxg7 15. Nd5 Qxd2 16. Rxd2 Bxd5 17. exd5 a5 18. Bb5 Rc5 19. a4 Rac8 20. Re1 Kf8 21. Bc4 Ne8 22. f4 Nc7 23. h4 b5 24. axb5 Nxb5 25. Kb2 a4 26. f5 axb3 27. cxb3 Ra8 28. fxg6 hxg6 29. Rf2 Na3 30. Rf4 Nxc4+ 31. bxc4 Rca5 32. Ref1 Ra2+ 33. Kc3 R8a3+ 34. Kb4 1/2-1/2

[Event "Heusenstamm Sparkassen op-B 4th"]
[Site "Heusenstamm"]
[Date "2017.11.25"]
[Round "5"]
[White "Haenselmann, Hendrik"]
[Black "Becker, Ralph"]
[Result "1/2-1/2"]
[WhiteElo "1597"]
[BlackElo "1753"]
[PlyCount "53"]
[EventDate "2017.11.23"]
[EventType "swiss"]
[EventRounds "7"]
[EventCountry "GER"]
[SourceTitle "EXT 2019"]
[Source "ChessBase"]
[SourceDate "2018.10.10"]
[SourceVersion "1"]
[SourceVersionDate "2018.10.10"]
[SourceQuality "1"]

1. e4 c5 2. Nf3 d6 3. d4 cxd4 4. Nxd4 Nf6 5. Nc3 g6 6. Be2 Bg7 7. 0-0 0-0 8. Nb3 Nc6 9. Bg5 a6 10. Re1 b5 11. a4 b4 12. Nd5 Nxe4 13. Bc1 Nf6 14. Bf3 Bd7 15. Nxe7+ Nxe7 16. Bxa8 Be6 17. Bf3 Qc7 18. Bf4 Nfd5 19. Bc1 Rc8 20. Be4 Qb6 21. Ra2 Nf6 22. Bf3 Nf5 23. Be3 Nxe3 24. Rxe3 Nd7 25. Bd5 Bf5 26. Be4 Be6 27. a5 1/2-1/2

[Event "Pfalz op-B 8th"]
[Site "Neustadt an der Weinstrasse"]
[Date "2017.02.25"]
[Round "2"]
[White "Becker, Ralph"]
[Black "Riedel, Thomas"]
[Result "0-1"]
[WhiteElo "1827"]
[BlackElo "1684"]
[PlyCount "74"]
[EventDate "2017.02.24"]
[EventType "swiss"]
[EventRounds "7"]
[EventCountry "GER"]
[SourceTitle "CBM 177 Extra"]
[Source "ChessBase"]
[SourceDate "2017.04.27"]
[SourceVersion "1"]
[SourceVersionDate "2017.04.27"]
[SourceQuality "1"]

1. Nf3 g6 2. d4 Bg7 3. Bf4 d6 4. e3 Nd7 5. c3 Ngf6 6. h3 b6 7. Be2 Bb7 8. 0-0 0-0 9. Nbd2 h6 10. Bh2 Kh7 11. Qc2 e6 12. Rad1 Nd5 13. e4 Ne7 14. Bc4 a6 15. Rfe1 b5 16. Bf1 Qb8 17. Nh4 Qa7 18. Kh1 b4 19. f4 bxc3 20. bxc3 c5 21. f5 cxd4 22. Bxd6 dxc3 23. Nb3 Rae8 24. fxg6+ fxg6 25. e5 Qf2 26. Qxf2 Rxf2 27. Bd3 Kg8 28. Be4 Bxe4 29. Rxe4 g5 30. Nf3 Rxa2 31. Rc1 Nf5 32. Kh2 Nb6 33. Rb4 Nd5 34. Rb7 Nfe3 35. Ne1 Rc8 36. Nd4 Nf4 37. Ndc2 Ne2 0-1

[Event "Hessen-ch op-B"]
[Site "Floersheim"]
[Date "2016.05.07"]
[Round "6"]
[White "Becker, Ralph"]
[Black "Michel, Carsten"]
[Result "1-0"]
[WhiteElo "1841"]
[BlackElo "1644"]
[PlyCount "103"]
[EventDate "2016.05.05"]
[EventType "swiss"]
[EventRounds "7"]
[EventCountry "GER"]
[SourceTitle "EXT 2022"]
[Source "ChessBase"]
[SourceDate "2021.10.06"]
[SourceVersion "1"]
[SourceVersionDate "2021.10.06"]
[SourceQuality "1"]

1. d4 Nf6 2. Nf3 e6 3. Bf4 c5 4. e3 cxd4 5. exd4 b6 6. Nbd2 Bb7 7. Bd3 Be7 8. 0-0 0-0 9. Re1 d6 10. h3 Nbd7 11. Bh2 Rc8 12. c3 h6 13. Qe2 Re8 14. Bb5 Bc6 15. a4 Nf8 16. Qd3 Qd7 17. Re2 a5 18. Ne1 Bxb5 19. axb5 d5 20. f4 Bd6 21. Nef3 Qc7 22. Ne5 N6d7 23. Rf1 f6 24. Nxd7 Qxd7 25. g4 Qf7 26. Kh1 Rc7 27. g5 hxg5 28. fxg5 Bxh2 29. Rxh2 f5 30. Nf3 Ng6 31. Re1 Rce7 32. Ne5 Nxe5 33. Rxe5 f4 34. Qf3 g6 35. h4 Kg7 36. h5 Rh8 37. h6+ Kh7 38. Rf2 Rf8 39. Qg4 f3 40. Re3 Qf4 41. Qxf4 Rxf4 42. Rexf3 Rh4+ 43. Kg2 Rg4+ 44. Rg3 Rxg3+ 45. Kxg3 Kg8 46. Rf6 Kh7 47. Kf4 a4 48. Ke5 a3 49. bxa3 Re8 50. Rxe6 Kg8 51. Rxe8+ Kh7 52. Re7+ 1-0

[Event "Eschborn op 08th"]
[Site "Eschborn"]
[Date "2011.05.14"]
[Round "2"]
[White "Becker, Ralph"]
[Black "Ross, Norbert"]
[Result "0-1"]
[WhiteElo "1736"]
[BlackElo "1517"]
[PlyCount "70"]
[EventDate "2011.05.13"]
[EventType "swiss"]
[EventRounds "5"]
[EventCountry "GER"]
[SourceTitle "EXT 2014"]
[Source "ChessBase"]
[SourceDate "2013.11.20"]
[SourceVersion "1"]
[SourceVersionDate "2013.11.20"]
[SourceQuality "1"]

1. d4 d5 2. c4 c6 3. Nf3 e6 4. Nc3 Nf6 5. e3 Nbd7 6. Qc2 Bd6 7. c5 Bc7 8. Bd3 h6 9. b4 e5 10. dxe5 Nxe5 11. Nxe5 Bxe5 12. Bb2 0-0 13. Rb1 Re8 14. 0-0 Bxh2+ 15. Kxh2 Ng4+ 16. Kg1 Qh4 17. Rfe1 Qh2+ 18. Kf1 Qh1+ 19. Ke2 Qxg2 20. Nd1 Nxe3 21. Nxe3 Bg4+ 22. Kd2 Qxf2+ 23. Kc3 d4+ 24. Kb3 dxe3 25. Qxf2 exf2 26. Rxe8+ Rxe8 27. Rf1 Re3 28. Kc2 Be2 29. Bxe2 Rxe2+ 30. Kb3 Re3+ 31. Kc2 Re2+ 32. Kc3 g5 33. a4 g4 34. Kb3 Rxb2+ 35. Kxb2 g3 0-1

[Event "Unterfranken-ch M2 48th"]
[Site "Bergrheinfeld"]
[Date "1997.??.??"]
[Round "2"]
[White "Becker, Ralph"]
[Black "Rueppel, Guenter"]
[Result "0-1"]
[WhiteElo "1832"]
[BlackElo "1840"]
[PlyCount "76"]
[EventDate "1997.03.31"]
[EventType "swiss"]
[EventRounds "9"]
[EventCountry "GER"]
[SourceTitle "EXT 2015"]
[Source "ChessBase"]
[SourceDate "2014.11.20"]
[SourceVersion "1"]
[SourceVersionDate "2014.11.20"]
[SourceQuality "1"]

1. Nf3 Nf6 2. c4 g6 3. Nc3 Bg7 4. e4 d6 5. d4 0-0 6. Be2 e5 7. d5 Nbd7 8. 0-0 a5 9. b3 Nc5 10. Nd2 Kh8 11. Ba3 b6 12. b4 axb4 13. Bxb4 Nfd7 14. a4 Na6 15. Ba3 f5 16. f3 Bh6 17. Nb3 Be3+ 18. Kh1 Qh4 19. Qe1 Qh6 20. Bc1 Ndc5 21. Bxe3 Qxe3 22. Nxc5 Nxc5 23. Ra3 Qg5 24. Nb5 Qd8 25. exf5 Rxf5 26. f4 Rxf4 27. Rxf4 exf4 28. Rf3 Qf6 29. Qf1 g5 30. Nxc7 Rxa4 31. Re3 Bd7 32. Bh5 Qh6 33. Re7 Qxh5 34. Qe1 Ra3 35. Nb5 Re3 36. Qa1+ Re5 37. Qa8+ Be8 38. Rxe8+ Qxe8 0-1

[Event "Unterfranken-ch H1 46th"]
[Site "Karlburg"]
[Date "1995.??.??"]
[Round "?"]
[White "Becker, Ralph"]
[Black "Blank, Stefan"]
[Result "0-1"]
[WhiteElo "1796"]
[BlackElo "1848"]
[PlyCount "76"]
[EventDate "1995.04.17"]
[EventType "swiss"]
[EventRounds "9"]
[EventCountry "GER"]
[SourceTitle "EXT 2015"]
[Source "ChessBase"]
[SourceDate "2014.11.20"]
[SourceVersion "1"]
[SourceVersionDate "2014.11.20"]
[SourceQuality "1"]

1. c4 Nf6 2. Nc3 e6 3. Nf3 d5 4. d4 c6 5. Bg5 Nbd7 6. e3 Be7 7. c5 0-0 8. Qc2 Ne8 9. Bxe7 Qxe7 10. b4 Nc7 11. b5 e5 12. Rb1 Re8 13. Be2 exd4 14. exd4 cxb5 15. Nxb5 Nxb5 16. Rxb5 b6 17. c6 Nb8 18. Rb2 Ba6 19. Kd1 Bxe2+ 20. Qxe2 Nxc6 21. Qb5 Qd6 22. Re2 Rxe2 23. Qxe2 Qb4 24. Qd3 Re8 25. Ng5 Qxd4 26. Qxd4 Nxd4 27. Kd2 f6 28. Nh3 Ne6 29. f3 Kf7 30. Rc1 Ke7 31. Nf2 Kd7 32. Nd3 Rc8 33. Rxc8 Kxc8 34. Nb4 d4 35. Kd3 Kd7 36. Nc2 Kd6 37. f4 Nxf4+ 38. Kxd4 Nxg2 0-1

[Event "Unterfranken-ch H1 46th"]
[Site "Karlburg"]
[Date "1995.??.??"]
[Round "?"]
[White "Becker, Ralph"]
[Black "Fries, Gerald"]
[Result "1-0"]
[WhiteElo "1796"]
[BlackElo "1632"]
[PlyCount "63"]
[EventDate "1995.04.17"]
[EventType "swiss"]
[EventRounds "9"]
[EventCountry "GER"]
[SourceTitle "EXT 2015"]
[Source "ChessBase"]
[SourceDate "2014.11.20"]
[SourceVersion "1"]
[SourceVersionDate "2014.11.20"]
[SourceQuality "1"]

1. c4 c5 2. Nf3 Nc6 3. g3 g6 4. Bg2 Bg7 5. 0-0 e6 6. d3 Nge7 7. Nbd2 0-0 8. Rb1 Rb8 9. Nb3 b6 10. Bd2 Bb7 11. Bc3 d5 12. Bxg7 Kxg7 13. Nbd2 Qc7 14. Rc1 Ne5 15. cxd5 Nxf3+ 16. Bxf3 exd5 17. b4 Qd6 18. bxc5 bxc5 19. Qa4 Ba6 20. Rb1 Nf5 21. Nb3 Rb4 22. Qa3 Rfb8 23. Qb2+ Kg8 24. Qa1 c4 25. dxc4 dxc4 26. Rbd1 Qc7 27. Nd4 Nxd4 28. Rxd4 Rb2 29. Rfd1 c3 30. Rd7 c2 31. Rxc7 cxd1Q+ 32. Qxd1 1-0

[Event "Unterfranken-ch H1 46th"]
[Site "Karlburg"]
[Date "1995.??.??"]
[Round "?"]
[White "Becker, Ralph"]
[Black "Neuf, Matthias"]
[Result "1/2-1/2"]
[WhiteElo "1796"]
[BlackElo "1545"]
[PlyCount "81"]
[EventDate "1995.04.17"]
[EventType "swiss"]
[EventRounds "9"]
[EventCountry "GER"]
[SourceTitle "EXT 2015"]
[Source "ChessBase"]
[SourceDate "2014.11.20"]
[SourceVersion "1"]
[SourceVersionDate "2014.11.20"]
[SourceQuality "1"]

1. c4 c5 2. Nf3 Nf6 3. g3 Nc6 4. Bg2 d6 5. 0-0 g6 6. Nc3 Bg7 7. d3 0-0 8. Rb1 Bd7 9. a3 Qc8 10. Re1 Rb8 11. b4 Nd4 12. bxc5 Qxc5 13. Bb2 Nxf3+ 14. exf3 e5 15. Re2 Be6 16. Ba1 Nd7 17. Reb2 b6 18. Ne2 f5 19. f4 Qc7 20. fxe5 dxe5 21. Rc2 Nc5 22. d4 Rbd8 23. d5 e4 24. Bxg7 Kxg7 25. Qd4+ Rf6 26. Nf4 Bc8 27. Rd1 Qd6 28. Qb2 Kg8 29. Rcd2 Qe7 30. d6 Rfxd6 31. Nd5 Qf8 32. Nf6+ Kf7 33. Nxh7 Qe7 34. Ng5+ Kg8 35. h4 Rxd2 36. Rxd2 Nd3 37. Qc3 Ba6 38. Bf1 Nc5 39. Rxd8+ Qxd8 40. Qe5 Bc8 41. Qd5+ 1/2-1/2